Statistics for Taylor Swift 99

Click here to take the quiz!

General Stats

  • This quiz has been taken 9 times
  • The average score is 145 of 247

Answer Stats

Answer% Correct
a
100%
and
100%
be
100%
do
100%
go
100%
I
100%
it
100%
it's
100%
me
100%
my
100%
on
100%
the
100%
we
100%
you
100%
in
89%
is
89%
like
89%
love
89%
that
89%
to
89%
what
89%
all
78%
are
78%
can
78%
for
78%
up
78%
want
78%
were
78%
with
78%
at
67%
every
67%
of
67%
oh
67%
this
67%
time
67%
let
56%
new
56%
won't
56%
about
44%
am
44%
would
44%
anywhere
33%
baby
33%
fire
33%
had
33%
or
33%
than
33%
thing
33%
always
22%
around
22%
kiss
22%
leave
22%
someone
22%
tell
22%
breathless
11%
come
11%
else
11%
feeling
11%
lead
11%
more
11%
need
11%
passion
11%
run
11%
touch
11%
truth
11%
accidental
0%
ain't
0%
breathing
0%
burning
0%
caught
0%
chemistry
0%
cigarette
0%
danger
0%
deceiving
0%
desire
0%
essential
0%
fear
0%
forgot
0%
freeze
0%
hold
0%
hopeless
0%
jacket
0%
liar
0%
longing
0%
lust
0%
miss
0%
neck
0%
nightmare
0%
part
0%
passing
0%
prickles
0%
short-lived
0%
slow
0%
smoke
0%
sound
0%
telling
0%
thousand
0%
town
0%
whisky
0%
wishing
0%
wore
0%
wrong
0%

Score Distribution

Percentile by Number Answered

Percent of People with Each Score

Your Score History

You have not taken this quiz